| 000 | 01225cam a2200397 a 4500 | ||
|---|---|---|---|
| 001 | 18266327 | ||
| 003 | OSt | ||
| 005 | 20150729003331.0 | ||
| 008 | 140813s2014 enka g b 001 0 eng d | ||
| 010 | _a 2014415688 | ||
| 015 |
_aGBB3B0627 _2bnb |
||
| 016 | 7 |
_a016559031 _2Uk |
|
| 020 | _a9781441140609 (hbk.) | ||
| 020 | _a1441140603 (hbk.) | ||
| 020 | _a9781441191700 (pbk.) | ||
| 020 | _a1441191704 (pbk.) | ||
| 020 | _a9781441136626 | ||
| 020 | _a1441136622 | ||
| 020 | _a9781441175397 | ||
| 020 | _a1441175393 | ||
| 035 | _a(OCoLC)ocn864789160 | ||
| 040 |
_aMa-un _bara |
||
| 082 | 0 | 4 |
_bPAR _a371.102 _223 |
| 100 | 1 |
_aPollard, Andrew, _d1949- _949717 |
|
| 245 | 1 | 0 |
_aReflective teaching in schools / _cAndrew Pollard with Kristine Black-Hawkins ... [et al.]. |
| 250 | _a4th edition. | ||
| 260 |
_a London : _bBloomsbury, _c2014. |
||
| 300 |
_axi, 558 p. : _bill. ; _c24 cm. |
||
| 490 | 1 | _aReflective teaching | |
| 504 | _aIncludes bibliographical references (pages 505-536) and index. | ||
| 650 | 0 |
_aReflective teaching. _949718 |
|
| 650 | 4 |
_aReflective teaching _949719 |
|
| 700 | 1 |
_aBlack-Hawkins, Kristine, _d1957- _949720 |
|
| 830 | 0 |
_aReflective teaching series. _949721 |
|
| 942 |
_2ddc _cBOOK |
||
| 999 |
_c37767 _d272267 |
||